[Event "IECG CP.2009.P.00008 email"]
[Site "IECG email"]
[Date "2009.10.01"]
[Round "?"]
[White "Grabowski, Tomasz"]
[Black "Fontana Cornelio, Victor Hugo"]
[Result "1-0"]
[WhiteElo "1952"]
[BlackElo "816"]
[PlyCount "63"]
[EventDate "2009.10.01"]
[EventType "tourn (corr)"]
[EventRounds "6"]
[EventCountry "ARG"]
[SourceTitle "Corr 2024"]
[Source "ChessBase"]
[SourceDate "2023.10.19"]
[SourceVersion "1"]
[SourceVersionDate "2023.10.19"]
[SourceQuality "1"]

1. e4 c6 2. d4 d5 3. e5 Bf5 4. Nf3 e6 5. Be2 h6 6. 0-0 Nd7 7. b3 Ne7 8. c4 Nc8 9. Bd3 Bxd3 10. Qxd3 Be7 11. Nc3 0-0 12. Bd2 Re8 13. Ne2 Bf8 14. cxd5 cxd5 15. Rac1 a6 16. Rc2 Na7 17. Ne1 Rc8 18. Qg3 Rxc2 19. Nxc2 Kh7 20. Qd3+ Kg8 21. f4 f5 22. g4 g6 23. gxf5 gxf5 24. Ne3 Nc6 25. Kh1 Kh8 26. Nxf5 exf5 27. Qxf5 Qe7 28. Qh3 Qh7 29. f5 Nxd4 30. Nxd4 Nxe5 31. Bc3 Bd6 32. Nf3 1-0

[Event "IECG CP.2009.P.00008 email"]
[Site "IECG email"]
[Date "2009.10.01"]
[Round "?"]
[White "Greco, Carmelo"]
[Black "Fontana Cornelio, Victor Hugo"]
[Result "1-0"]
[WhiteElo "2128"]
[BlackElo "816"]
[PlyCount "63"]
[EventDate "2009.10.01"]
[EventType "tourn (corr)"]
[EventRounds "6"]
[EventCountry "ARG"]
[SourceTitle "Corr 2024"]
[Source "ChessBase"]
[SourceDate "2023.10.19"]
[SourceVersion "1"]
[SourceVersionDate "2023.10.19"]
[SourceQuality "1"]

1. d4 d5 2. Nf3 Nf6 3. c4 c6 4. Nc3 e6 5. Bg5 Nbd7 6. cxd5 exd5 7. e3 Be7 8. Qc2 h6 9. Bh4 Nh5 10. Bxe7 Qxe7 11. Be2 Nhf6 12. h3 Ne4 13. Bd3 Ndf6 14. Ne5 Nxc3 15. bxc3 Qa3 16. Rb1 0-0 17. 0-0 Qe7 18. a4 Nd7 19. Nxd7 Qxd7 20. c4 dxc4 21. Qxc4 Kh8 22. a5 a6 23. Rfd1 Re8 24. Bc2 Qe7 25. Qd3 g6 26. e4 h5 27. d5 cxd5 28. exd5 Rd8 29. Qd4+ Kg8 30. Rb6 Qe8 31. Rf6 Rb8 32. d6 1-0

[Event "IECG CN.2002.0.00290 email"]
[Site "IECG email"]
[Date "2002.04.12"]
[Round "?"]
[White "Fontana Cornelio, Victor Hugo"]
[Black "Torre, Leandro"]
[Result "1/2-1/2"]
[WhiteElo "800"]
[BlackElo "998"]
[PlyCount "50"]
[EventDate "2002.04.12"]
[EventType "tourn (corr)"]
[EventRounds "6"]
[SourceTitle "Corr 2008"]
[Source "ChessBase"]
[SourceDate "2008.06.24"]
[SourceVersion "1"]
[SourceVersionDate "2008.06.24"]
[SourceQuality "1"]

1. d4 d5 2. c4 e6 3. Nc3 Nf6 4. Bg5 Be7 5. e3 0-0 6. Nf3 h6 7. Bh4 Ne4 8. Bxe7 Qxe7 9. Rc1 c6 10. Bd3 Nxc3 11. Rxc3 Nd7 12. 0-0 e5 13. dxe5 dxc4 14. Bxc4 Nxe5 15. Nxe5 Qxe5 16. Qe2 Bf5 17. Rd1 Rad8 18. Rcc1 Be4 19. f3 Bd5 20. Bxd5 Rxd5 21. e4 Rfd8 22. Rxd5 Rxd5 23. Re1 Rd8 24. g3 Qc5+ 25. Qf2 Qa5 1/2-1/2

[Event "IECG CN.2002.0.00290 email"]
[Site "IECG email"]
[Date "2002.04.12"]
[Round "?"]
[White "Notarangelo, Domenico"]
[Black "Fontana Cornelio, Victor Hugo"]
[Result "1-0"]
[WhiteElo "800"]
[BlackElo "800"]
[PlyCount "33"]
[EventDate "2002.04.12"]
[EventType "tourn (corr)"]
[EventRounds "6"]
[SourceTitle "Corr 2008"]
[Source "ChessBase"]
[SourceDate "2008.06.24"]
[SourceVersion "1"]
[SourceVersionDate "2008.06.24"]
[SourceQuality "1"]

1. e4 c5 2. Nf3 Nc6 3. d4 cxd4 4. Nxd4 e5 5. Nb5 d6 6. c4 Be7 7. N1c3 a6 8. Na3 Be6 9. Nc2 Bg5 10. Be2 Bxc1 11. Rxc1 Nge7 12. 0-0 0-0 13. Qd2 Qd7 14. Rfd1 Rad8 15. b4 Ng6 16. b5 Nce7 17. Nb4 1-0

[Event "IECG RN.2001.0.00009"]
[Site "IECG email"]
[Date "2001.10.12"]
[Round "?"]
[White "Fontana Cornelio, Victor Hugo"]
[Black "Tavani, Alberto"]
[Result "0-1"]
[WhiteElo "800"]
[BlackElo "900"]
[PlyCount "46"]
[EventDate "2001.10.12"]
[EventType "tourn (corr)"]
[EventRounds "6"]
[SourceTitle "Corr 2008"]
[Source "ChessBase"]
[SourceDate "2008.06.24"]
[SourceVersion "1"]
[SourceVersionDate "2008.06.24"]
[SourceQuality "1"]

1. Nf3 Nf6 2. d4 e6 3. e3 b6 4. Bd3 Bb7 5. c4 Ne4 6. Nbd2 f5 7. h4 Qf6 8. a3 Bd6 9. Qc2 Qg6 10. Kf1 Qg4 11. Be2 0-0 12. h5 Bg3 13. Nh4 Qg5 14. Nhf3 Qf6 15. Rh3 Bxf2 16. Nxe4 fxe4 17. Kxf2 c5 18. dxc5 exf3 19. Bxf3 Nc6 20. Qe4 Na5 21. Qf4 Qe7 22. Qd6 Qxd6 23. cxd6 Nb3 0-1